[Event "RUS-ch Higher League 69th"]
[Site "Kolomna"]
[Date "2016.06.22"]
[Round "1"]
[White "Pridorozhni, Aleksei"]
[Black "Bykov, Egor"]
[Result "1-0"]
[WhiteElo "2552"]
[BlackElo "2341"]
[Annotator "Prasanna,V"]
[PlyCount "67"]
[EventDate "2016.06.22"]
[EventType "swiss"]
[EventRounds "9"]
[EventCountry "RUS"]
[SourceTitle "CBM 174"]
[Source "ChessBase"]
[SourceDate "2016.09.13"]
[SourceVersion "1"]
[SourceVersionDate "2016.09.13"]
[SourceQuality "1"]

1. e4 e6 2. d4 d5 3. Nc3 Nf6 4. Bg5 Be7 (4... dxe4 5. Nxe4 Be7 {has taken over
as the new main line here and leads to interesting positions for both sides.})
5. e5 Nfd7 6. h4 h6 7. Bxe7 Qxe7 8. Qd2 {White switches to positional ideas
after 6.h4.} (8. Nb5 {is a solid alternative to the game leading to very
simple playable positions.} Nb6 9. c3 a6 10. Na3 c5 11. Nf3 Nc6 {1-0 (58)
Vachier Lagrave,M (2757)-Hou,Y (2673) Wijk aan Zee 2015 CBM 165 [Pavlovic,M]})
8... a6 (8... O-O 9. f4 c5 10. Nf3 Nc6 11. O-O-O f6 (11... cxd4 12. Nxd4 f6 13.
exf6 Qxf6 14. g3 Nxd4 15. Qxd4 Qxd4 16. Rxd4 Nf6 17. Bd3 Bd7 18. Re1) 12. exf6
Nxf6 13. Bb5 $1 {fighting for the important dark squares in the centre.} (13.
Rg1 Bd7) 13... cxd4 14. Nxd4 $14) 9. f4 c5 10. Nf3 Nc6 (10... b5 $5 {Maybe
Black is better of delaying the development of the b8-knight. Lots of
correspondence players have taken this direction.} 11. g4 (11. dxc5 Nxc5 12.
O-O-O O-O 13. g4 b4 14. Ne2 a5 15. Nfd4 Bb7 (15... a4 16. Bg2 b3 17. Kb1) 16.
g5 h5 17. Bg2 g6 18. Kb1 Nbd7 $132) (11. O-O-O b4 12. Na4 c4 {looks very
dangerous for White.}) 11... Nb6 12. dxc5 Qxc5 13. O-O-O Nc6 14. Bd3 b4 15. Ne2
a5 16. g5 a4 $132 {with a sharp game.}) 11. O-O-O b5 12. dxc5 Nxc5 (12... Qxc5
13. Ne2 Nb6 14. Ned4 $14) 13. Nd4 Nxd4 14. Qxd4 b4 15. Ne2 O-O {The Black
player underestimates his dangers and even the computer fails to understand
how quickly Black can get into trouble here.} ({Black can also try for a quick
counterplay on the queenside with the king on the centre:} 15... a5 16. Qe3 Ba6
{This seems to be the best idea for Black.} (16... O-O 17. Nd4 Bd7 {transposes
to the game.}) (16... a4 17. Nd4 a3 (17... b3) 18. b3 Bd7 19. Bd3 Rc8 (19... f5
) 20. Kb1 $16 {White's play is simply much more easier here}) 17. Nd4 Ne4 (
17... Bxf1 18. Rhxf1 Ne4 19. f5 O-O 20. f6 Qc7) 18. f5 O-O 19. f6 Qc7 {
Although the lines look dangerous Black is able to create counterplay with
accurate play:} 20. fxg7 Kxg7 21. Qf4 a4 22. Re1 Bxf1 23. Rhxf1 a3 24. Rxe4
axb2+ 25. Kb1 dxe4 26. Qg4+ Kh7 27. Qxe4+ Kg8 {Black is able to equalise with
some precise moves and computer assisted variations.}) 16. Qe3 Bd7 17. Nd4 Rfc8
18. Kb1 a5 19. g4 a4 20. Bd3 b3 (20... a3 21. b3 Nxd3 22. Rxd3 Qc5 23. Qd2 $16
{White has a free hand on the kingside here.}) 21. a3 bxc2+ 22. Bxc2 Rab8 23.
Ka1 Rb7 (23... Bb5 {is the computer recommendation and seems to hold, but it
is hard to figure the idea out all these ideas over the board.} 24. g5 (24. f5
Qb7 25. Rb1 Qb6 26. Rhe1 (26. g5 h5 27. g6 fxg6 28. fxg6 Bd3 29. Qg5 Nb3+ 30.
Nxb3) 26... Bc4 27. f6 (27. g5 exf5 28. gxh6 Qxh6) 27... Bb3) 24... h5 25. g6
fxg6 26. Bxg6 Bc4 27. Qf3 Nb3+ 28. Nxb3 Rxb3 29. Qxh5 Rxa3+ 30. Kb1 Ba2+ 31.
Ka1 Bc4+ $11 {Of course with the opponent coming for your king you need a
really cool head to continue as accurately as the computer.}) 24. h5 Rcb8 25.
Rb1 {Very simple play by White. Once he has stopped Black's threats he crashes
through on the kingside.} Bb5 26. g5 Bc4 27. gxh6 gxh6 (27... Nb3+ {was
Black's last chance to prolong the game but he is still lost.} 28. Bxb3 Rxb3
29. Nxb3 Rxb3 30. Qc1 Qc5 31. Rd1 gxh6 32. Rd2 Rg3 33. Rc2 Qd4 34. Rc3 $16) 28.
f5 Qf8 29. f6 {There is no saving Black after this move.} Nb3+ 30. Bxb3 Rxb3
31. Nxb3 Rxb3 32. Rbg1+ Kh8 33. Qc1 Rf3 34. Rg7 1-0

[Event "Pulvermuehle 6th"]
[Site "Pulvermuehle"]
[Date "2006.03.05"]
[Round "9"]
[White "Lagno, Kateryna"]
[Black "Prusikin, Michael"]
[Result "0-1"]
[WhiteElo "2500"]
[BlackElo "2563"]
[Annotator "Prusikin,M"]
[PlyCount "148"]
[EventDate "2006.02.25"]
[EventType "tourn"]
[EventRounds "9"]
[EventCountry "GER"]
[EventCategory "12"]
[SourceTitle "CBM 112"]
[Source "ChessBase"]
[SourceDate "2006.06.07"]
[SourceVersion "1"]
[SourceVersionDate "2006.06.07"]
[SourceQuality "1"]

1. e4 e6 2. d4 d5 3. Nc3 Nf6 4. Bg5 Be7 {Eine sehr genügsame Variante.} 5. e5
Nfd7 6. Bxe7 Qxe7 7. f4 a6 8. Nf3 b6 {Ziemlich selten, aber spielbar, Schwarz
möchte c7-c5 spielen, ohne Weiß das Feld d4 zu überlassen.} 9. Qd2 c5 10.
O-O-O (10. Nd1 $1) 10... Nc6 (10... c4 $5 11. f5 b5 $13) 11. Re1 $146 {Eine
etwas abstrakte Neuerung.} Bb7 12. dxc5 bxc5 13. f5 O-O-O 14. Qf4 Nb6 15. Qg5
$6 {Eine etwas seltsame Entscheidung angesichts des letzten Zuges, aber auch
hier bleibt die Stellung im Gleichgewicht.} exf5 $1 16. Qxf5+ Kb8 17. Qg5 Qxg5+
18. Nxg5 Rd7 19. e6 fxe6 20. Rxe6 h6 21. Nf3 Kc7 22. Bd3 Rd6 23. Rhe1 Rf8 24.
Re8 Rf7 25. b3 Rdd7 26. a3 Rde7 27. Bg6 Rxe1+ 28. Rxe1 Re7 29. Rxe7+ Nxe7 30.
Bd3 Kd6 {Die Engine sieht das Endspiel als ausgeglichen, was objektiv
betrachtet wahrscheinlich zutrifft, allerdings ist die schwarze Stellung
aufgrund der Zentrumsbeherrschung etwas leichter zu spielen.} 31. Kd2 Nd7 32.
Nd1 Ne5 33. Nxe5 Kxe5 34. g3 Nc8 35. Ne3 Nd6 36. Ng4+ Ke6 37. Bg6 $6 (37. c3 $1
a5 38. b4 $11) 37... a5 $1 {Legt die weißen Bauern auf der Farbe des Läufers
fest.} 38. Ke3 $6 (38. c3 Nb5 39. a4 Nd6 $15) (38. Bd3 $5) 38... Nb5 (38... d4+
$5) 39. a4 Nd4 $15 40. Nf2 Ba6 41. Nh3 Ke5 42. Nf4 Bc8 43. Nd3+ Kd6 44. Nf4 Bg4
45. Ng2 Bd7 46. Nf4 Nc6 $17 {Mit den letzten Manövern bastelte der
Nachziehende an dem Hebel c5-c4.} 47. Bf7 $2 {Dies ist allerdings ein
konkreter Fehler, der überraschend zum Materialverlust führt.} Ne5 $1 48. Bh5
(48. Bxd5 g5 $19) 48... Bg4 $1 {[%cal Gg7g5]} 49. h3 Bf5 50. Bd1 g5 51. Nh5
Bxh3 52. Nf6 Be6 53. c3 Nc6 54. Ne8+ Ke5 55. Nc7 Bf7 56. g4 d4+ 57. Kd3 dxc3
58. Kxc3 Nd4 59. Na6 Kd6 60. b4 axb4+ 61. Nxb4 {[#]} cxb4+ $1 62. Kxd4 Kc6 63.
Ke5 b3 64. Kf6 b2 65. Bc2 Bb3 66. Bb1 Bxa4 67. Kg6 Kc5 68. Kxh6 Kd4 69. Kxg5
Kc3 70. Kh6 Bc2 71. Ba2 Kb4 72. g5 Ka3 73. g6 Kxa2 74. g7 Bb3 {Gerade
rechtzeitig!} 0-1

[Event "Rohde op 08th"]
[Site "Sautron"]
[Date "2008.10.29"]
[Round "6"]
[White "Bailet, Pierre"]
[Black "Carlsson, Pontus"]
[Result "0-1"]
[WhiteElo "2306"]
[BlackElo "2515"]
[Annotator "RR"]
[PlyCount "94"]
[EventDate "2008.10.25"]
[EventType "swiss"]
[EventRounds "9"]
[EventCountry "FRA"]
[SourceTitle "EXT 2009"]
[Source "ChessBase"]
[SourceDate "2008.11.26"]
[SourceVersion "1"]
[SourceVersionDate "2008.11.26"]
[SourceQuality "1"]

1. e4 e6 2. d4 d5 3. Nc3 Nf6 4. Bg5 Be7 5. e5 Nfd7 6. Bxe7 Qxe7 7. f4 O-O 8.
Nf3 c5 9. Qd2 Nc6 10. O-O-O a6 11. Kb1 ({RR} 11. h4 b5 12. Rh3 f6 13. dxc5 Qxc5
14. Rg3 Nb6 15. Bd3 f5 16. Ne2 b4 17. Kb1 a5 18. Nfd4 Nxd4 19. Qe3 b3 20. Qxd4
bxa2+ 21. Kxa2 Qc6 22. h5 Na4 23. h6 g6 24. c4 Rd8 25. Bc2 Ba6 {De Firmian,N 
(2570)-Dreev,A (2520)/New York 1989/CBM 012/0-1 (35)}) (11. dxc5 $142 Nxc5 12.
Bd3 b5 13. Kb1 {Szabo,G (2465)-Gleizerov,E (2562) Predeal op 2006 (3) 1/2})
11... c4 12. f5 b5 13. Qg5 $146 ({RR} 13. g4 b4 14. Ne2 f6 15. Nf4 Nb6 16. exf6
Qxf6 17. Nh5 Qd8 18. Rg1 Ra7 19. Bh3 c3 20. Qg5 Qxg5 21. Nxg5 exf5 22. gxf5
Bxf5 23. Bxf5 Rxf5 24. Rde1 Re7 25. Rxe7 Nxe7 26. a3 bxa3 27. bxc3 g6 {Riess,
N-Petersen,S (2270)/Lyngby 1991/EXT 2000/1/2-1/2 (51)}) (13. f6 $5 gxf6 14.
exf6 Nxf6 15. Qf4) 13... Qxg5 14. Nxg5 Nb6 15. fxe6 fxe6 16. h4 b4 $15 17. Ne2
a5 18. g3 h6 19. Nh3 a4 {L'attaque noire semble plus rapide} 20. Nhf4 Bd7 21.
Bh3 Rfe8 (21... a3) (21... b3) 22. g4 b3 $1 23. a3 bxc2+ 24. Kxc2 c3 25. Nxc3
Nc4 26. g5 Rf8 27. Ncxd5 $1 Rab8 28. Bxe6+ Bxe6 29. Nxe6 Rf3 {[%cal Gb8b2]} (
29... Rxb2+ $4 30. Kd3) 30. Nb4 $2 {Curieusement c'était le GMI qui était en
gros zeitnot mais les blancs craquent!} (30. Rdf1) 30... Nxb4+ $2 $138 {
Le GMI qui est trés lent, jouait comme а son habitude avec moins d'une minute
а la pendule!} (30... Rxb4 $3 {Dommage, il y avait un beau réseau de mat.} 31.
axb4 Nxb4+ 32. Kb1 Rf2) 31. axb4 Rxb4 32. Rb1 Rbb3 33. Rh2 $2 a3 $1 $19 34. Nc5
Rbe3 $2 (34... a2) 35. Na4 axb2 36. Rxb2 Nxb2 37. Nxb2 Kf7 38. gxh6 gxh6 39.
Rd2 Rc3+ 40. Kb1 Ke6 41. Rg2 Kd5 42. Rg8 Kxd4 43. e6 Rc7 44. Rh8 Rf1+ 45. Ka2
Ra7+ 46. Kb3 Rb7+ 47. Ka2 Rf2 0-1

[Event "Rishon Le Ziyyon"]
[Site "Rishon Le Ziyyon"]
[Date "1999.??.??"]
[Round "4"]
[White "Ribshtein, Nati"]
[Black "Bykhovsky, Avigdor"]
[Result "1/2-1/2"]
[WhiteElo "2300"]
[BlackElo "2455"]
[Annotator "Ribshtein,N"]
[PlyCount "52"]
[EventDate "1999.??.??"]
[EventType "tourn"]
[EventRounds "9"]
[EventCountry "ISR"]
[SourceTitle "CBM 070"]
[Source "ChessBase"]
[SourceDate "1999.06.08"]
[SourceVersion "1"]
[SourceVersionDate "1999.06.08"]
[SourceQuality "1"]

1. e4 e6 2. d4 d5 3. Nc3 Nf6 4. Bg5 Be7 5. e5 Nfd7 6. Bxe7 Qxe7 7. f4 a6 8. Nf3
c5 9. Qd2 Nc6 10. dxc5 Qxc5 11. O-O-O b5 12. Ne2 b4 13. Ned4 Ndb8 $146 14. h4 (
14. f5 $5 Nxd4 $1 (14... exf5 15. Qg5 O-O 16. Nxf5 Bxf5 17. Qxf5 $16) 15. Nxd4
exf5 16. Nb3 $1 (16. Qg5 O-O 17. Nxf5 Bxf5 18. Qxf5 Nc6 19. Bd3 g6 20. Qf6 Rae8
$13) 16... Qb6 17. Qxd5 Ra7 (17... Bb7 $2 18. Qa5 $1 Qxa5 19. Nxa5 Be4 20. Bd3
$1 $16) 18. Qd6 $1 Qxd6 19. exd6 $14) 14... Nxd4 15. Nxd4 Bd7 16. h5 Nc6 (16...
h6 17. g4 Nc6 18. Nf3 $14) 17. h6 g6 18. Nf3 a5 $6 (18... O-O) 19. Kb1 $6 (19.
Nh2) 19... O-O 20. Nh2 $5 Rfc8 21. Ng4 Kh8 22. Bd3 (22. Qe1 Na7 $1) 22... Na7
23. Qe1 Qe7 24. Nf6 (24. Qf2 $142) 24... Bb5 25. Qh4 $2 (25. Qf2) 25... Rc7 $1
26. Qf2 Rac8 (26... Rac8 27. Qb6 Rb7 $1 28. Qxa5 Nc6 29. Qxb5 Rxb5 30. Bxb5 Qa7
$1 $15) 1/2-1/2

[Event "Interzonal-14a"]
[Site "Subotica"]
[Date "1987.??.??"]
[Round "8"]
[White "Rodriguez Cespedes, Amador"]
[Black "Chernin, Alexander"]
[Result "1/2-1/2"]
[WhiteElo "2495"]
[BlackElo "2570"]
[Annotator "Rodriguez,Am"]
[PlyCount "97"]
[EventDate "1987.06.??"]
[EventType "tourn"]
[EventRounds "17"]
[EventCountry "YUG"]
[EventCategory "11"]
[SourceTitle "CBM 003"]
[Source "ChessBase"]
[SourceDate "1988.04.01"]
[SourceVersion "1"]
[SourceVersionDate "1988.04.01"]
[SourceQuality "1"]

1. e4 e6 2. d4 d5 3. Nc3 Nf6 4. Bg5 Be7 5. e5 Nfd7 6. Bxe7 Qxe7 7. f4 O-O 8.
Nf3 c5 9. dxc5 f6 10. exf6 Qxf6 11. g3 Nc6 12. Bd3 Nxc5 13. O-O Bd7 14. Qd2
Nxd3 15. cxd3 e5 $5 (15... Be8 16. Rfe1 {/\ Ne5+/-}) 16. Rae1 $1 exf4 (16...
Rae8 $2 17. fxe5 $18) (16... d4 17. Ne4 Qe7 18. Neg5 $1 $16) 17. Nxd5 Qf7 $8
18. Nxf4 Qxa2 19. d4 $1 $16 {[+]} Qa5 $8 20. Qxa5 Nxa5 21. Re7 Bg4 $5 (21...
Bb5 22. Ra1 {/\ Ne5, Nh5 >< g7}) 22. Ne5 Nc6 $8 23. Rxb7 Bc8 24. Rc7 Nxd4 25.
h4 $6 (25. Rd1 Nf5 (25... Ne6 26. Rxc8 Raxc8 27. Nxe6 Rfe8 28. Rd6 $16) 26. Nc6
$16) 25... Ne6 (25... Re8 $2 26. Nh5 $1 Ne6 27. Rff7 $1 $18) 26. Re7 $14 Nxf4
27. gxf4 Bf5 28. Rc1 Rfe8 (28... Rac8 29. Ra1 $1 $16) 29. Rxe8+ Rxe8 30. Rc7 h6
$6 (30... a6 31. Ra7 h6 $1 {/\} (31... Bc8 32. Kf2 $16) 32. Rxa6 g5) 31. Rxa7
Rd8 (31... g5 $2 32. Nf7 $1 $18 (32. Nc6 Be4 $10)) 32. Nc6 Rd1+ 33. Kf2 Be4 34.
Ne7+ Kh7 (34... Kf8 35. f5) 35. Ke3 $16 Bb1 {/\ Rd3-b3} 36. f5 Rd3+ 37. Kf4
Rd4+ 38. Ke5 Re4+ 39. Kd6 Rd4+ $1 40. Kc5 (40. Nd5 $5 Be4 (40... Bxf5 $2 41.
Ke5 Rd2 42. Nf6+ Kg6 43. h5+ $18) 41. Ke5 Rxd5+ 42. Kxe4 Rb5 (42... Rd6 43. Rb7
$16) 43. f6 Rb4+ 44. Ke3 (44. Ke5 Rb5+) 44... Rxb2 45. Rxg7+ Kh8) 40... Rxh4
41. f6 $1 (41. b4 Rh5 $10) 41... Rh2 $3 (41... Rh5+ 42. Nd5 Be4 (42... Rg5 43.
f7 $18) 43. Rxg7+ Kh8 44. Rd7 Rf5 45. b4 Bxd5 46. Rxd5 Rxf6 47. b5 $18) 42. Nc6
(42. Nd5 Rxb2 $1 43. Rxg7+ $14) 42... Rf2 $1 (42... Rxb2 43. Rxg7+ Kh8 44. Ne5
$18) (42... Rc2+ 43. Kd6 Rd2+ 44. Ke6 $18) 43. Rxg7+ Kh8 44. Rg1 $6 (44. Rf7 $5
h5 $5 (44... Rxb2 {/\ Rf2})) 44... Be4 45. Ne5 Rxf6 46. b4 Kh7 47. b5 h5 48. b6
Kh6 49. Re1 1/2-1/2

[Event "Montecatini Terme op"]
[Site "Montecatini Terme"]
[Date "1997.??.??"]
[Round "?"]
[White "Solozhenkin, Evgeniy"]
[Black "Ulybin, Mikhail"]
[Result "1-0"]
[WhiteElo "2485"]
[BlackElo "2535"]
[Annotator "Solozhenkin,E"]
[PlyCount "103"]
[EventDate "1997.11.??"]
[EventType "swiss"]
[EventRounds "9"]
[EventCountry "ITA"]
[SourceTitle "CBM 062"]
[Source "ChessBase"]
[SourceDate "1998.01.31"]
[SourceVersion "1"]
[SourceVersionDate "1998.01.31"]
[SourceQuality "1"]

1. e4 e6 2. d4 d5 3. Nc3 Nf6 4. Bg5 Be7 5. e5 Nfd7 6. Bxe7 Qxe7 7. f4 O-O 8.
Qd2 c5 9. Nf3 Nc6 10. dxc5 Qxc5 11. O-O-O Nb6 12. h4 Bd7 13. h5 a5 $6 $146 (
13... Rfc8) (13... f6) (13... Rac8 14. h6 g6 15. a3 $146 Na5 16. Qd4 Qc7 $5 (
16... Na4 $5) (16... Nac4 $6 17. Bxc4 Nxc4 18. Qxc5 Rxc5 19. Rd3 a5 $2 {
1-0 Solozhenkin,E-Morozevich,A/RUS-Cup01 Chigorin mem 1997/CBM 62 (43)})) (
13... h6) 14. h6 g6 15. Nh2 $1 f6 (15... a4 16. a3) 16. exf6 d4 (16... Rxf6 17.
Nf3 $14) 17. Qf2 $1 $16 (17. Ne4 Qd5) 17... e5 (17... Qf5 18. Nb5 $16) 18. Nf3
$1 Bg4 (18... exf4 19. Nxd4 $16) 19. fxe5 Bxf3 20. gxf3 Qxe5 21. Ne4 Kh8 22.
Qh2 $1 Qxh2 (22... Rae8 23. Bb5 $1 Qxb5 $2 24. Qc7 $18) 23. Rxh2 Rad8 (23...
Nd5 24. Bb5 Ne3 25. Rd3 Na7 26. Bd7 $18) 24. Bb5 (24. b3 Nd5) (24. Rhd2 $6 Nd5
25. Rxd4 Nxd4 26. Rxd4 Nb6 27. Nd6 Kg8 $1) (24. c3 $1 dxc3 (24... Ne5 25. Rxd4
Rxd4 26. cxd4 Nxf3 27. Rc2 $16) 25. Rxd8 Nxd8 26. bxc3 $16) 24... Na7 25. a4
Nxb5 26. axb5 Nc4 27. b3 Ne3 28. Rd3 Nf5 29. Kb2 Rd5 $146 30. c4 Re5 $138 (
30... dxc3+ 31. Rxc3 Rxb5 32. Rd2 $18) 31. b6 $1 $18 Kg8 32. Ka3 Re6 33. c5 Rc6
34. Ka4 Ra8 35. Kb5 Kf7 36. Ra2 Ke6 37. Kc4 Ra6 38. Kb5 Ra8 39. Rxa5 Rxa5+ 40.
Kxa5 Rc8 41. Kb5 Kd5 42. b4 Ra8 43. f7 Ke6 44. Ng5+ Ke7 45. Nxh7 Kxf7 46. Ng5+
Kf6 47. Ne4+ Ke5 48. Nd6 Nxd6+ 49. cxd6 Kxd6 50. Rxd4+ Ke6 51. Re4+ Kf6 52. Rc4
1-0

[Event "RUS-Cup01 Chigorin Memorial"]
[Site "St Petersburg"]
[Date "1997.11.03"]
[Round "3"]
[White "Solozhenkin, Evgeniy"]
[Black "Morozevich, Alexander"]
[Result "1-0"]
[WhiteElo "2485"]
[BlackElo "2590"]
[Annotator "Solozhenkin,E"]
[PlyCount "87"]
[EventDate "1997.11.01"]
[EventType "swiss"]
[EventRounds "9"]
[EventCountry "RUS"]
[SourceTitle "CBM 062"]
[Source "ChessBase"]
[SourceDate "1998.01.31"]
[SourceVersion "1"]
[SourceVersionDate "1998.01.31"]
[SourceQuality "1"]

1. e4 {Finkel,A} e6 2. d4 d5 3. Nc3 Nf6 4. Bg5 Be7 5. e5 Nfd7 6. Bxe7 Qxe7 7.
f4 O-O 8. Qd2 c5 9. Nf3 Nc6 10. dxc5 Qxc5 11. O-O-O Nb6 12. h4 (12. Bd3 {
Finkel,A}) 12... Bd7 13. h5 Rac8 (13... a5 14. h6 g6 15. Nh2 $1 f5 16. exf6 d4
17. Qf2 $1 $16 {Solozhenkin-Ulibin, Montecatini/1997/ CBM 62}) (13... Rfc8 {
Finkel,A} 14. h6 g6 15. Nh2 $1 (15. Rh3 Na5 16. Qd4 Qf8 $1 (16... Qxd4 $2 17.
Rxd4 $16 {/\ Nh2-g4-f6}) 17. Kb1 (17. Nh2 Nc6 18. Qf2 d4 19. Ne4 Nb4 20. Nf6+
Kh8 $13) 17... Nbc4 18. Nh2 (18. b3 $5 $13) 18... Qb4 19. Nxd5 $1 exd5 20. e6
Qxb2+ 21. Qxb2 Nxb2 22. exd7 Nxd1 23. dxc8=Q+ Rxc8 24. Rd3 $1 (24. Ng4 $2 Nc3+
25. Kb2 Ne4 $15) 24... Nc3+ 25. Kb2 Na4+ (25... Ne4 26. Rxd5 $16) 26. Kc1 Nc3
27. Kb2 Na4+ {1/2-1/2 Przewoznik,J-Welin,T/corr 1990}) (15. Kb1 $5 Na5 16. Qd4
Qe7 17. Rh3 $5 Nbc4 18. Nd2 b5 $1 19. Bxc4 Nxc4 20. Nxc4 bxc4 (20... Rxc4 $5
$132) 21. Kc1 Rc7 22. Rdh1 $14 {Rausis,I-Zueger,B/Catania op 1994 (40)}) 15...
Na5 (15... Nb4 16. a3 $1 (16. Ng4 $2 Qa5 $5 (16... d4 $1 $17)) (16. Kb1 Na4 17.
Ng4 $1 Nxc3+ 18. bxc3 $13) (16. a3 $6 a5 $1 $36 17. Ng4 Ba4 $1 18. Bd3 Nc4 19.
Bxc4 Qxc4 20. Nf6+ Kh8 $19 {Vogt-Zueger,B/Luzern ISEM 1994 (26)})) 16. Qd4 Qe7
(16... Qxd4 $6 17. Rxd4 Rc7 18. Ng4 Rac8 19. Nf6+ Kh8 20. Rh3 Nc6 21. Rd2 Ne7
22. Bd3 $14 {Anka,E-Zueger,B/Budapest FS MarGM 1994/1/2-1/2 (55)}) 17. Ng4 Rc7
$2 (17... Nc6 $1 $13) 18. Nf6+ Kh8 19. Nfxd5 $1 $16 {Almasi,Z-Zueger,B/
Altensteig 1993 (41)}) (13... h6 $1 {Kortschnoj} 14. g4 f6 15. exf6 Rxf6 $13)
14. h6 (14. Bd3 $5 {Finkel,A} Nb4 15. Kb1 Na4 $6 16. Nxa4 Bxa4 17. b3 Nxd3 18.
cxd3 Qb6 19. Qb2 $1 Bb5 20. Nd4 $36 {Ochoa de Echaguen,F-Ferrer,M/ESP-ch
Lleida 1991 (33)}) 14... g6 15. a3 $146 {Finkel: Dubious idea.Now black gets
the possibility easily equalize the game.} (15. Nh2 f5 $1 (15... Na5 $2 16. Ng4
Nac4 17. Bxc4 Nxc4 18. Qd4 Qb4 19. Nxd5 $1 exd5 20. e6 {1-0 Glek-Nikolenko,1995
}) 16. exf6 d4 $13) (15. Kb1 $6 Na5 16. Nh2 $2 Nac4 17. Bxc4 Nxc4 18. Qd4 Qb4
19. Nxd5 Na3+ $19) 15... Na5 16. Qd4 (16. b4 $2 Qe7 17. bxa5 Qxa3+ 18. Kb1 Rxc3
$17) 16... Nac4 $6 (16... Qe7 17. Qb4 $14) ({Finkel: Another good opportunity
was} 16... Na4 $1 17. Qxc5 Rxc5 18. Nxa4 (18. Ne2 $2 Nc4) 18... Bxa4 19. Bd3 {
Finkel,A} (19. Nd4 Nb3+ $10) 19... Rfc8 $1 20. Nd4 (20. b4 $2 Rxc2+ $1 21. Bxc2
Rxc2+ 22. Kb1 Nc4 23. Rd3 Rxg2 24. Ka1 Bc2 $1 $17 {[%cal Gc2e4]}) 20... Nb3+ $1
21. Nxb3 Bxb3 22. Rd2 Bc4 23. Rh3 Bxd3 24. Rhxd3 Rc4 25. g3 $11 {with total
equality.}) (16... Qc7 {Kortschnoj} 17. f5 $5 (17. Bd3 $2 Na4 $17) (17. Kb1 Na4
18. Rd3 a6 $13 {/\Bb5}) 17... Na4 18. Qh4 f6 19. Rd3 exf5 (19... Nxb2 $5) 20.
exf6 $44) 17. Bxc4 Nxc4 18. Qxc5 (18. Rd3 Qe7 $5 19. Nh2 a5 20. Ng4 Bc6 21. a4
Rb8 $132) 18... Rxc5 19. Rd3 a5 $2 (19... Rfc8 20. Nd1 $14 (20. a4 $6 {Finkel,A
} Nb6 21. Rd4 Rc4 22. Rxc4 Rxc4 23. a5 Nc8 24. g3 Rc5 $17) (20. Nd4 $5 Nxa3 21.
Nxd5 Rxd5 (21... Nxc2 $2 22. Nf6+ Kh8 23. Nxd7 (23. Nxc2 Rxc2+ 24. Kb1 Bb5 25.
Rd4 Be2 $13) 23... Nb4+ 24. Kd2 Nxd3 25. Kxd3 R5c7 26. Nf6 $16) 22. bxa3 Bb5
23. Rd2 Bc4 24. Rhd1 Kf8 25. Nf3 $1 $132 {[%csl Rh7]})) 20. Nh2 $1 $16 f5 $8 {
Finkel: Otherwise weakness of the black squares on the kingside will become
crucial.} 21. exf6 (21. Ne2 $6 {Finkel,A} Rfc8 22. Nd4 b5 23. Nhf3 b4 $36)
21... Rxf6 22. g3 (22. Ne4 $6 dxe4 23. Rxd7 Ne3 $132) 22... Rf5 (22... e5 $5
23. Rxd5 Rxd5 24. Nxd5 Rd6 25. Rd1 exf4 26. gxf4 $16) 23. Ng4 {Finkel: After
inacuracy of black on 18th move white has slightly better chances.} Rc7 (23...
b5 $6 {Finkel,A} 24. Ne4 $1 Rc7 25. Nef6+ Kh8 26. Re1 $16 {[%csl Rh8][%cal
Gf6d7,Ge1e6]}) 24. Re1 Kf8 (24... b5 $5 {Kortschnoj}) 25. a4 {Finkel:
Preparing to play b3 and Kb2.} Nd6 26. b3 Rc5 27. Kb2 Ke7 $2 {Incredible
blunder for a player of such level.After logical} (27... Bc8 28. Re2 Bd7 29.
Ne5 Bc8 30. Nf3 $18) (27... b6 $5 {Finkel,A} 28. Ne2 Ne4 29. Nd4 (29. Rh1 Ke7
30. Nd4 Rf8 31. Rh2 $1) 29... Rh5 30. Nf3 $5 Bc6 31. Nfe5 $14 (31. Ng5 $5 Nxg5
32. fxg5 Rxg5 33. Nf6 Ke7 34. Nxh7 Rh5 35. Ng5 $1 Rxg5 36. Rh1 $1 {[%cal Gh6h7,
Gh7h8]} Bxa4 $1 37. h7 Rc8 38. h8=Q Rxh8 39. Rxh8 Bc6 $13) 31... Ke7 32. c4 $36
{Finkel: nothing was clear.}) 28. Ne3 $18 Kf6 (28... Rf8 {Finkel,A} 29. Nexd5+
Kd8 30. Ne3 Nf5 31. Ne4 Rc7 32. Ng5 $1 $18) 29. Nxf5 gxf5 (29... Nxf5 {Finkel,A
} 30. Ne4+ $1 dxe4 31. Rxd7 $18 {[%cal Gd7b7,Gd7h7]}) 30. Ne2 $1 Ne4 31. c4 Bc6
32. cxd5 Bxd5 33. Nc3 Nxc3 (33... Bc6 34. Nxe4+ Bxe4 35. Rd2 {/\Re1-c1}) 34.
Rxc3 Rxc3 35. Kxc3 Kg6 36. Re2 $1 Kxh6 37. Rh2+ Kg6 38. b4 b6 (38... axb4+ 39.
Kxb4 {/\ a4-a5, Kb4-c5-d6-c7, Rh2-b2-b7}) 39. b5 Bf3 40. Kd4 Bd1 41. Ra2 Kh5 (
41... Kf6 {Kortschnoj} 42. Kc4 Ke7 (42... h5 43. Rd2 Bxa4 44. Rd6 $18) 43. Ra1
Bc2 44. Kc3 Be4 45. Kd4 Kd6 46. Rc1 Bd5 47. Rc8 $18) 42. Ra1 $1 Bf3 43. Ke3 Kg4
44. Kf2 (44. Kf2 h5 45. Rc1 h4 46. gxh4 Kxf4 47. Rc4+ (47. Rc6 {Kortschnoj} Bd1
48. Rxb6 Bxa4 49. h5 Kg5 50. Rxe6 $18) 47... Be4 48. Rc6 $18) 1-0